[Event "Landsturneringen 2009, Klasse 1"]
[Site "Bergen"]
[Date "2009.07.10"]
[Round "7"]
[White "Theting, Helge E"]
[Black "Sandal, Eirik"]
[Result "0-1"]
[WhiteElo "1828"]
[BlackElo "1937"]
[PlyCount "88"]
[EventDate "2009.07.??"]
[EventType "swiss"]
[EventRounds "9"]
[EventCountry "NOR"]
[SourceDate "2009.07.06"]

1. e4 c5 2. Nf3 d6 3. d3 Nc6 4. g3 g6 5. Bg2 Bg7 6. O-O e5 7. Nbd2 Nge7 8. a4
O-O 9. c3 h6 10. Nc4 f5 11. b4 d5 12. exd5 Nxd5 13. Bb2 e4 14. dxe4 fxe4 15.
Nh4 Nxc3 16. Bxc3 Bxc3 17. Nxg6 Qxd1 18. Raxd1 Rf6 19. b5 Nd4 20. Ne7+ Kg7 21.
Nxc8 Rxc8 22. Bxe4 b6 23. Kg2 Re8 24. f3 Bb4 25. Rd3 Kf8 26. Rb1 Ne2 27. Bc6
Re7 28. Rd8+ Kg7 29. f4 Nc3 30. Ra1 Re2+ 31. Kh3 Rf7 32. Ne5 Re7 33. Bf3 Rf2
34. Bg4 Ne4 35. Rad1 c4 36. Nc6 Rb2 37. Rc1 c3 38. Nxe7 Nf2+ 39. Kh4 Bxe7+ 40.
Kh5 Bxd8 41. Rxc3 Ne4 42. Rc8 Rxh2+ 43. Bh3 Rxh3+ 44. Kg4 Rxg3+ 0-1

[Event "Landsturneringen 2009, Klasse 1"]
[Site "Bergen"]
[Date "2009.07.11"]
[Round "8"]
[White "Birkeland, Trond"]
[Black "Grønnestad, Anita"]
[Result "1-0"]
[WhiteElo "1772"]
[BlackElo "1865"]
[PlyCount "61"]
[EventDate "2009.07.??"]
[EventType "swiss"]
[EventRounds "9"]
[EventCountry "NOR"]
[SourceDate "2009.07.06"]

1. e4 c5 2. Nf3 d6 3. d4 cxd4 4. Nxd4 Nf6 5. Nc3 a6 6. Bg5 e6 7. f4 Be7 8. Qf3
Qc7 9. O-O-O b5 10. g4 Bb7 11. Bd3 Nbd7 12. Kb1 Nc5 13. a3 O-O 14. Rhe1 Rab8
15. Qh3 Nxd3 16. Rxd3 Ba8 17. Qh4 Rfe8 18. Rh3 Kf8 19. e5 dxe5 20. fxe5 Ng8 21.
Nxe6+ fxe6 22. Rf1+ Bf6 23. exf6 gxf6 24. Bxf6 Nxf6 25. Qxf6+ Kg8 26. Rh5 Re7
27. Rg5+ Rg7 28. Qxe6+ Kh8 29. Qf6 Bb7 30. Qf8+ Rxf8 31. Rxf8+ 1-0

[Event "Landsturneringen 2009, Klasse 1"]
[Site "Bergen"]
[Date "2009.07.11"]
[Round "8"]
[White "Eikeland, Erik"]
[Black "Skøien, Håvard"]
[Result "1-0"]
[WhiteElo "1782"]
[BlackElo "1978"]
[PlyCount "67"]
[EventDate "2009.07.??"]
[EventType "swiss"]
[EventRounds "9"]
[EventCountry "NOR"]
[SourceDate "2009.07.06"]

1. d4 Nf6 2. c4 Nc6 3. Nf3 e6 4. g3 Bb4+ 5. Nc3 d6 6. Bg2 O-O 7. O-O Bxc3 8.
bxc3 Re8 9. Ba3 Rb8 10. Qc2 e5 11. dxe5 Nxe5 12. c5 Nc4 13. Qa4 b5 14. Qxa7 Bb7
15. cxd6 cxd6 16. Bb4 Rxe2 17. Rfe1 Rxe1+ 18. Rxe1 Be4 19. Rxe4 Nxe4 20. Nd4 d5
21. Nc6 Ra8 22. Qb7 Qe8 23. Ne7+ Kh8 24. Qxd5 Rd8 25. Qxe4 Rd1+ 26. Bf1 Rxf1+
27. Kg2 Qd8 28. Nc6 Qa8 29. a4 Re1 30. Qxe1 Qxc6+ 31. Kg1 bxa4 32. Qe7 Qa8 33.
Qxf7 a3 34. Bf8 1-0

[Event "Landsturneringen 2009, Klasse 1"]
[Site "Bergen"]
[Date "2009.07.04"]
[Round "8"]
[White "Sandal, Eirik"]
[Black "Thomassen, Thomas"]
[Result "1-0"]
[WhiteElo "1937"]
[BlackElo "1952"]
[PlyCount "65"]
[EventDate "2009.07.??"]
[EventType "swiss"]
[EventRounds "9"]
[EventCountry "NOR"]
[SourceDate "2009.07.06"]

1. e4 c5 2. Nf3 e6 3. Nc3 Nc6 4. Bb5 Nd4 5. d3 a6 6. Ba4 b5 7. Bb3 Bb7 8. O-O
Nf6 9. Nxd4 cxd4 10. Nb1 d6 11. h3 Be7 12. f4 Qc7 13. Nd2 O-O 14. Nf3 e5 15.
Qe1 Nd7 16. Qg3 Kh8 17. fxe5 dxe5 18. Nh4 Bxh4 19. Qxh4 Nc5 20. Bd2 Nxb3 21.
cxb3 a5 22. Rac1 Qd6 23. Rf5 Ra6 24. Rcf1 Kg8 25. Rh5 h6 26. Qg3 Re8 27. Rxh6
Re6 28. Rh5 f6 29. Qh4 Kf7 30. Rh7 Ra8 31. Qh5+ Kf8 32. Qg6 Ke7 33. Qxg7+ 1-0

[Event "Landsturneringen 2009, Klasse 1"]
[Site "Bergen"]
[Date "2009.07.12"]
[Round "9"]
[White "Agdestein, Pål"]
[Black "Jørgensen, Line Jin"]
[Result "0-1"]
[WhiteElo "1795"]
[BlackElo "1892"]
[PlyCount "38"]
[EventDate "2009.07.??"]
[EventType "swiss"]
[EventRounds "9"]
[EventCountry "NOR"]
[SourceDate "2009.07.06"]

1. e4 e5 2. Nf3 Nc6 3. Bc4 Bc5 4. c3 Nf6 5. d3 d6 6. b4 Bb6 7. a4 a5 8. b5 Ne7
9. Qb3 O-O 10. Ng5 d5 11. exd5 Nexd5 12. O-O h6 13. Ne4 Nxe4 14. Bxd5 Nxf2 15.
Rxf2 Bxf2+ 16. Kxf2 Qh4+ 17. Kf1 Bf5 18. Qc2 Rad8 19. g3 Qf6 0-1

[Event "Landsturneringen 2009, Klasse 1"]
[Site "Bergen"]
[Date "2009.07.12"]
[Round "9"]
[White "Boger, Raymond"]
[Black "Stokke, Jan"]
[Result "1-0"]
[WhiteElo "1762"]
[BlackElo "1753"]
[PlyCount "67"]
[EventDate "2009.07.??"]
[EventType "swiss"]
[EventRounds "9"]
[EventCountry "NOR"]
[SourceDate "2009.07.06"]

1. c4 e6 2. g3 d5 3. Bg2 Nf6 4. Nf3 Be7 5. O-O O-O 6. d4 c6 7. Nc3 Nbd7 8. b3
b6 9. cxd5 cxd5 10. Ne5 Nxe5 11. dxe5 Nd7 12. e4 Ba6 13. Re1 d4 14. Qxd4 Bc5
15. Qa4 Qc8 16. Be3 Bxe3 17. Rxe3 Nxe5 18. Rc1 Nd3 19. e5 Rb8 20. Rc2 b5 21.
Qh4 b4 22. Be4 g6 23. Nd5 exd5 24. Rxc8 Rbxc8 25. Bxd3 Rc1+ 26. Kg2 Bb7 27. Re2
Rd1 28. Qxb4 Ba8 29. Rd2 Re1 30. Qd4 Re8 31. f4 Rc8 32. h4 Rcc1 33. Qxa7 Bc6
34. Qd4 1-0

[Event "Landsturneringen 2009, Klasse 1"]
[Site "Bergen"]
[Date "2009.07.12"]
[Round "9"]
[White "Bryn, Thomas"]
[Black "Eikeland, Erik"]
[Result "0-1"]
[WhiteElo "1957"]
[BlackElo "1782"]
[PlyCount "70"]
[EventDate "2009.07.??"]
[EventType "swiss"]
[EventRounds "9"]
[EventCountry "NOR"]
[SourceDate "2009.07.06"]

1. d4 Nf6 2. c4 e6 3. Nc3 d5 4. cxd5 exd5 5. Bg5 Be7 6. e3 O-O 7. Bd3 Re8 8.
Qc2 h6 9. Bh4 c5 10. dxc5 d4 11. exd4 Qxd4 12. Bg3 Na6 13. Nge2 Qxc5 14. a3 Bg4
15. O-O Nh5 16. b4 Qc8 17. Rac1 Nxg3 18. Nxg3 Rd8 19. f3 Be6 20. Qe2 Qc6 21.
Kh1 Qd6 22. Be4 Rab8 23. f4 Rbc8 24. Qf3 b5 25. Bb1 Bf6 26. Rfd1 Rxc3 27. Rxd6
Rxc1+ 28. Nf1 Rxd6 29. Bd3 Rxd3 30. Qe2 Rdd1 31. h3 Rxf1+ 32. Kh2 Bh4 33. g3
Rh1+ 34. Kg2 Bd5+ 35. Kf2 Rh2+ 0-1

[Event "Landsturneringen 2009, Klasse 1"]
[Site "Bergen"]
[Date "2009.07.12"]
[Round "9"]
[White "Haanshuus, Aslak"]
[Black "Ali, Karim"]
[Result "1-0"]
[WhiteElo "1710"]
[BlackElo "1664"]
[PlyCount "32"]
[EventDate "2009.07.??"]
[EventType "swiss"]
[EventRounds "9"]
[EventCountry "NOR"]
[SourceDate "2009.07.06"]

1. d4 Nf6 2. Nf3 g6 3. Nc3 Bg7 4. e4 d6 5. Be3 O-O 6. Qd2 Ng4 7. O-O-O Nxe3 8.
Qxe3 c6 9. h4 h5 10. Nh2 e5 11. dxe5 Bxe5 12. f4 Bg7 13. Be2 Bh6 14. g4 Qxh4
15. g5 Bg7 16. Ng4 Qxh1 1-0

[Event "Landsturneringen 2009, Klasse 1"]
[Site "Bergen"]
[Date "2009.07.12"]
[Round "9"]
[White "Hamre, Einar"]
[Black "Engevik, Bjarne J"]
[Result "0-1"]
[WhiteElo "1778"]
[BlackElo "1672"]
[PlyCount "44"]
[EventDate "2009.07.??"]
[EventType "swiss"]
[EventRounds "9"]
[EventCountry "NOR"]
[SourceDate "2009.07.06"]

1. e4 e5 2. Nf3 Nc6 3. Bc4 Nf6 4. Ng5 d5 5. exd5 Nxd5 6. Qh5 g6 7. Qf3 Qxg5 8.
Bxd5 Nd4 9. Qxf7+ Kd8 10. Kd1 Bg4+ 11. f3 Bf5 12. f4 Bxc2+ 13. Ke1 exf4 14. Kf2
Bc5 15. b4 Rf8 16. Qxh7 Qxd5 17. bxc5 Re8 18. Nc3 Qxc5 19. Re1 Nb3+ 20. Kf3
Rxe1 21. axb3 Rf1+ 22. Kg4 Qf5+ 0-1

[Event "Landsturneringen 2009, Klasse 1"]
[Site "Bergen"]
[Date "2009.07.12"]
[Round "9"]
[White "Runde, Hans Arild"]
[Black "Sandal, Eirik"]
[Result "0-1"]
[WhiteElo "1892"]
[BlackElo "1937"]
[PlyCount "86"]
[EventDate "2009.07.??"]
[EventType "swiss"]
[EventRounds "9"]
[EventCountry "NOR"]
[SourceDate "2009.07.06"]

1. d4 d6 2. Nf3 g6 3. g3 Bg7 4. Bg2 Nf6 5. O-O O-O 6. c4 Nbd7 7. Re1 e5 8. e4
h6 9. Nc3 Re8 10. h3 c6 11. d5 c5 12. Nh2 Nh5 13. Bf3 Nhf6 14. Kg2 Nf8 15. Ng4
Nxg4 16. hxg4 Nh7 17. Qd3 Nf6 18. g5 hxg5 19. Bxg5 Qd7 20. Rh1 Nh7 21. Bh6 f6
22. Qe3 Nf8 23. Rh2 a6 24. Rah1 Bxh6 25. Rxh6 Qg7 26. Na4 Bd7 27. Nb6 Rad8 28.
Rh8+ Qxh8 29. Rxh8+ Kxh8 30. Qh6+ Kg8 31. Bd1 Re7 32. Qh4 Kg7 33. a3 Nh7 34. b4
Ng5 35. Nxd7 Rexd7 36. bxc5 Rc7 37. c6 bxc6 38. f4 exf4 39. e5 f3+ 40. Bxf3
dxe5 41. Be2 cxd5 42. cxd5 Rc2 43. Qg4 Rxd5 0-1

[Event "Landsturneringen 2009, Klasse 2"]
[Site "Bergen"]
[Date "2009.07.06"]
[Round "3"]
[White "Blikra, Per"]
[Black "Barstad, Thoralf N"]
[Result "1-0"]
[WhiteElo "1619"]
[BlackElo "1566"]
[PlyCount "65"]
[EventDate "2009.07.??"]
[EventType "swiss"]
[EventRounds "9"]
[EventCountry "NOR"]
[SourceDate "2009.07.06"]

1. d4 Nf6 2. c4 c5 3. d5 d6 4. Nc3 g6 5. e4 Bg7 6. Bd3 a6 7. Nge2 Nbd7 8. f4
Qc7 9. O-O O-O 10. Rb1 Nb6 11. b3 e6 12. Bb2 exd5 13. exd5 Bg4 14. h3 Bxe2 15.
Nxe2 Nh5 16. Bxg7 Nxg7 17. f5 Nd7 18. Ng3 Ne5 19. f6 Ne8 20. Ne4 Nxd3 21. Qxd3
h6 22. Qe3 Kh7 23. Rf4 Rh8 24. Rh4 h5 25. g4 Qd7 26. Qg5 Kg8 27. Rf1 Kf8 28.
Kh2 b5 29. gxh5 bxc4 30. hxg6 Rxh4 31. g7+ Kg8 32. Qxh4 Nxg7 33. Qg5 1-0

[Event "Landsturneringen 2009, Klasse 2"]
[Site "Bergen"]
[Date "2009.07.06"]
[Round "3"]
[White "Natvik, Frederik"]
[Black "Moe, Pål"]
[Result "1-0"]
[WhiteElo "1649"]
[BlackElo "1541"]
[PlyCount "115"]
[EventDate "2009.07.??"]
[EventType "swiss"]
[EventRounds "9"]
[EventCountry "NOR"]
[SourceDate "2009.07.06"]

1. Nf3 Nf6 2. d4 d5 3. c4 e6 4. Nc3 Be7 5. g3 O-O 6. Bg2 c6 7. O-O Nbd7 8. Qc2
Re8 9. e4 dxe4 10. Nxe4 Nxe4 11. Qxe4 Nf6 12. Qc2 c5 13. Be3 cxd4 14. Bxd4 Nd7
15. Rad1 Qc7 16. Qa4 Rf8 17. Nd2 Bc5 18. Bxc5 Nxc5 19. Qa3 a5 20. Rfe1 Bd7 21.
Nf3 f6 22. Nd4 Rfe8 23. Nb3 Nxb3 24. Qxb3 Bc6 25. Re2 Bxg2 26. Kxg2 Qc6+ 27.
Kg1 Rad8 28. Red2 Rxd2 29. Rxd2 Kf7 30. Qd3 h6 31. b3 Re7 32. Qd4 e5 33. Qg4
Qe6 34. Qh5+ Kf8 35. Rd8+ Re8 36. Qd1 Kf7 37. Rd6 Qf5 38. Rd7+ Kg6 39. Rxb7 e4
40. Qd7 Qxd7 41. Rxd7 e3 42. fxe3 Rxe3 43. Ra7 Re5 44. Kf2 h5 45. Kf3 Kh6 46.
Ra6 Kg5 47. a3 g6 48. b4 Rf5+ 49. Ke3 axb4 50. axb4 Kg4 51. c5 Rf3+ 52. Kd4 Rf2
53. c6 Rxh2 54. b5 Kxg3 55. c7 Rd2+ 56. Kc3 Rd1 57. Kc2 Rd5 58. c8=Q 1-0

[Event "Landsturneringen 2009, Klasse 2"]
[Site "Bergen"]
[Date "2009.07.06"]
[Round "3"]
[White "Undheim, Bjarne"]
[Black "Aas, Henrik"]
[Result "1-0"]
[WhiteElo "1688"]
[BlackElo "1570"]
[PlyCount "51"]
[EventDate "2009.07.??"]
[EventType "swiss"]
[EventRounds "9"]
[EventCountry "NOR"]
[SourceDate "2009.07.06"]

1. e4 d5 2. exd5 Qxd5 3. Nc3 Qa5 4. d4 c6 5. Nf3 Bg4 6. Be2 Nf6 7. O-O e6 8.
Ne5 Bxe2 9. Qxe2 Nbd7 10. f4 Bb4 11. Bd2 O-O 12. a3 Bxc3 13. Bxc3 Qd5 14. Rad1
Nb6 15. Rd3 Rfe8 16. Be1 Qe4 17. Qd2 Rad8 18. Bh4 Nbd5 19. c4 Ne7 20. Bxf6 gxf6
21. Re1 Qxe1+ 22. Qxe1 fxe5 23. Qxe5 Ng6 24. Qf6 e5 25. f5 Rxd4 26. fxg6 1-0

[Event "Landsturneringen 2009, Klasse 2"]
[Site "Bergen"]
[Date "2009.07.07"]
[Round "4"]
[White "Madsen, Morten L"]
[Black "Undheim, Bjarne"]
[Result "1-0"]
[WhiteElo "1658"]
[BlackElo "1688"]
[PlyCount "89"]
[EventDate "2009.07.??"]
[EventType "swiss"]
[EventRounds "9"]
[EventCountry "NOR"]
[SourceDate "2009.07.06"]

1. e4 d5 2. exd5 Nf6 3. d4 Bg4 4. Bb5+ Nbd7 5. f3 Bf5 6. Nc3 a6 7. Ba4 b5 8.
Bb3 Nb6 9. Nge2 Nbxd5 10. Nxd5 Nxd5 11. Ng3 Bg6 12. O-O e6 13. Qe2 Be7 14. Bd2
O-O 15. f4 Bf6 16. c3 Qd7 17. Qf3 Ne7 18. Rad1 Rab8 19. d5 Bf5 20. Be3 e5 21.
Nxf5 Qxf5 22. g4 e4 23. Qg2 Qd7 24. g5 Bxc3 25. bxc3 Nf5 26. Rfe1 Rfe8 27. Bc2
Nh4 28. Qg3 Nf3+ 29. Kh1 Nxe1 30. Qxe1 Qh3 31. Qg3 Qh5 32. Rd2 Qf3+ 33. Kg1
Qxg3+ 34. hxg3 f5 35. gxf6 gxf6 36. f5 Kf7 37. Bf4 Rbc8 38. Kf2 Re7 39. Ke3 c5
40. d6 Rd7 41. Bxe4 Rcd8 42. Bd5+ Kg7 43. Be6 Rb7 44. Rd5 c4 45. Rc5 1-0

[Event "Landsturneringen 2009, Klasse 2"]
[Site "Bergen"]
[Date "2009.07.07"]
[Round "4"]
[White "Natvik, Frederik"]
[Black "Blikra, Per"]
[Result "1-0"]
[WhiteElo "1649"]
[BlackElo "1619"]
[PlyCount "55"]
[EventDate "2009.07.??"]
[EventType "swiss"]
[EventRounds "9"]
[EventCountry "NOR"]
[SourceDate "2009.07.06"]

1. e4 c6 2. d4 d5 3. Nc3 dxe4 4. Nxe4 Nf6 5. Nxf6+ gxf6 6. Bf4 Bf5 7. Nf3 e6 8.
Qd2 Bd6 9. Bg3 Qc7 10. O-O-O Nd7 11. Nh4 Bg6 12. Be2 Bxg3 13. hxg3 O-O-O 14. f4
f5 15. Qc3 Kb8 16. Nxg6 hxg6 17. Rxh8 Rxh8 18. d5 Re8 19. dxc6 Nb6 20. Bf3 Nd5
21. Bxd5 exd5 22. Rxd5 bxc6 23. Re5 Rd8 24. Qb4+ Kc8 25. Re7 Rd7 26. Re8+ Rd8
27. Rxd8+ Kxd8 28. Qf8+ 1-0

[Event "Landsturneringen 2009, Klasse 2"]
[Site "Bergen"]
[Date "2009.07.09"]
[Round "6"]
[White "Madsen, Morten L"]
[Black "Østrem, Thore"]
[Result "1-0"]
[WhiteElo "1658"]
[BlackElo "1590"]
[PlyCount "55"]
[EventDate "2009.07.??"]
[EventType "swiss"]
[EventRounds "9"]
[EventCountry "NOR"]
[SourceDate "2009.07.06"]

1. e4 e6 2. d4 d5 3. Be3 Ne7 4. Nd2 dxe4 5. Nxe4 Nbc6 6. Nf3 Nf5 7. Qd2 Nxe3 8.
fxe3 Be7 9. c3 O-O 10. Bd3 Qd5 11. O-O b6 12. Ng3 g6 13. e4 Qd8 14. Qh6 Bf6 15.
Nh5 Bxd4+ 16. cxd4 gxh5 17. e5 f5 18. exf6 Rf7 19. Bxh7+ Rxh7 20. Qg6+ Kh8 21.
Ng5 Qg8 22. Qxg8+ Kxg8 23. Nxh7 Kf7 24. Ng5+ Kf8 25. f7 Ba6 26. Nxe6+ Ke7 27.
f8=Q+ Rxf8 28. Nxf8 1-0

[Event "Landsturneringen 2009, Klasse 2"]
[Site "Bergen"]
[Date "2009.07.10"]
[Round "7"]
[White "Aas, Henrik"]
[Black "Natvik, Frederik"]
[Result "0-1"]
[WhiteElo "1570"]
[BlackElo "1649"]
[PlyCount "74"]
[EventDate "2009.07.??"]
[EventType "swiss"]
[EventRounds "9"]
[EventCountry "NOR"]
[SourceDate "2009.07.06"]

1. e4 g6 2. d4 Bg7 3. Nf3 d6 4. Bd3 Nd7 5. O-O c5 6. c3 a6 7. a4 b6 8. Qe2 Bb7
9. Be3 Ngf6 10. Nbd2 O-O 11. Ng5 h6 12. Nh3 d5 13. e5 Ne4 14. f3 Nxd2 15. Qxd2
Kh7 16. e6 cxd4 17. cxd4 fxe6 18. Nf4 Rxf4 19. Bxf4 Bxd4+ 20. Be3 Bxe3+ 21.
Qxe3 Qg8 22. f4 Qf7 23. a5 bxa5 24. Rxa5 Qf6 25. Ra3 d4 26. Qe2 Nc5 27. b4 Nxd3
28. Qxd3 Rc8 29. b5 axb5 30. Qxb5 Bd5 31. Qa4 d3 32. Raa1 Qb2 33. Rf2 Rc1+ 34.
Rxc1 Qxc1+ 35. Rf1 Qe3+ 36. Kh1 Qe2 37. Rg1 d2 0-1

[Event "Landsturneringen 2009, Klasse 2"]
[Site "Bergen"]
[Date "2009.07.10"]
[Round "7"]
[White "Bekkelien, Lewi"]
[Black "Høva, Frode"]
[Result "0-1"]
[WhiteElo "1683"]
[BlackElo "1549"]
[PlyCount "66"]
[EventDate "2009.07.??"]
[EventType "swiss"]
[EventRounds "9"]
[EventCountry "NOR"]
[SourceDate "2009.07.06"]

1. Nf3 c5 2. g3 Nf6 3. Bg2 g6 4. d3 Bg7 5. O-O O-O 6. Nbd2 d6 7. e4 e5 8. c3
Nc6 9. h3 Qe7 10. Qe2 b6 11. Nc4 Ba6 12. a4 Rad8 13. Bg5 Bxc4 14. dxc4 Qe6 15.
Nd2 h6 16. Be3 g5 17. Kh2 Ne7 18. a5 Ng6 19. axb6 axb6 20. Ra6 Rb8 21. Rfa1 Nf4
22. Qf1 Nxg2 23. Qxg2 Nh5 24. Ra7 b5 25. Qf3 Nf4 26. gxf4 exf4 27. Bxc5 dxc5
28. R1a6 Qe8 29. cxb5 Qxb5 30. b3 Rbd8 31. c4 Qb4 32. Nf1 Qe1 33. Rc6 Qxf1 0-1

[Event "Landsturneringen 2009, Klasse 2"]
[Site "Bergen"]
[Date "2009.07.10"]
[Round "7"]
[White "Standal, Egil A"]
[Black "Fossheim, Øyvind"]
[Result "1-0"]
[WhiteElo "1642"]
[BlackElo "1521"]
[PlyCount "33"]
[EventDate "2009.07.??"]
[EventType "swiss"]
[EventRounds "9"]
[EventCountry "NOR"]
[SourceDate "2009.07.06"]

1. e4 c5 2. Nc3 d6 3. g3 Nf6 4. Bg2 Nc6 5. d3 Bg4 6. Nge2 Nd4 7. O-O Nf3+ 8.
Kh1 Qd7 9. Bg5 h6 10. Bxf6 gxf6 11. Nd5 Rg8 12. h3 Bh5 13. Ndf4 Rg5 14. Nxh5
Rxh5 15. Nf4 Rg5 16. Qxf3 e6 17. h4 1-0

[Event "Landsturneringen 2009, Klasse 2"]
[Site "Bergen"]
[Date "2009.07.11"]
[Round "8"]
[White "Madsen, Morten L"]
[Black "Natvik, Frederik"]
[Result "0-1"]
[WhiteElo "1658"]
[BlackElo "1649"]
[PlyCount "70"]
[EventDate "2009.07.??"]
[EventType "swiss"]
[EventRounds "9"]
[EventCountry "NOR"]
[SourceDate "2009.07.06"]

1. e4 c5 2. f4 e6 3. Nf3 d5 4. exd5 exd5 5. Bb5+ Bd7 6. Bxd7+ Nxd7 7. O-O Bd6
8. d3 Ne7 9. Nc3 O-O 10. Qe1 Re8 11. Qh4 Nf6 12. g4 Ng6 13. Qg3 d4 14. Nb5 Bb8
15. Na3 Qd7 16. h3 Nd5 17. Ng5 Re2 18. Qf3 Ndxf4 19. Bxf4 Nxf4 20. Rae1 Qe7 21.
Ne4 Rxe1 22. Rxe1 Qh4 23. Nf2 g5 24. Qxb7 Nxh3+ 25. Nxh3 Qxe1+ 26. Kg2 Qg3+ 27.
Kf1 Qxh3+ 28. Ke2 Qxg4+ 29. Kf1 Qh3+ 30. Ke2 Qe3+ 31. Kf1 Bg3 32. Qxa8+ Kg7 33.
Kg2 Qf2+ 34. Kh3 h5 35. Qg2 g4# 0-1

[Event "Landsturneringen 2009, Klasse 2"]
[Site "Bergen"]
[Date "2009.07.11"]
[Round "8"]
[White "Sætre, Roger"]
[Black "Nesheim, Geir"]
[Result "1/2-1/2"]
[WhiteElo "1563"]
[BlackElo "1562"]
[PlyCount "65"]
[EventDate "2009.07.??"]
[EventType "swiss"]
[EventRounds "9"]
[EventCountry "NOR"]
[SourceDate "2009.07.06"]

1. e4 c5 2. Nc3 Nc6 3. g3 g6 4. Bg2 Bg7 5. d3 d6 6. Be3 Nf6 7. h3 O-O 8. Qd2
Re8 9. g4 e5 10. g5 Nd7 11. h4 Nf8 12. Nge2 Nd4 13. O-O-O Rb8 14. f4 b5 15.
fxe5 dxe5 16. Rdf1 Be6 17. Bh3 b4 18. Bxe6 fxe6 19. Na4 Rb5 20. h5 Re7 21. h6
Bh8 22. c3 Qa5 23. c4 Rb8 24. b3 Nd7 25. Nxd4 exd4 26. Bf4 e5 27. Bg3 Nb6 28.
Nxb6 axb6 29. Rh2 Rf8 30. Rhf2 Rxf2 31. Qxf2 Qa8 32. Qh2 Qe8 33. Rf3 1/2-1/2

[Event "Landsturneringen 2009, Klasse 3"]
[Site "Bergen"]
[Date "2009.07.04"]
[Round "1"]
[White "Stensholt, Sigvat"]
[Black "Stensen, Vegard"]
[Result "1-0"]
[WhiteElo "1331"]
[BlackElo "1257"]
[PlyCount "89"]
[EventDate "2009.07.??"]
[EventType "swiss"]
[EventRounds "9"]
[EventCountry "NOR"]
[SourceDate "2009.07.06"]

1. d4 Nf6 2. c4 e6 3. Nc3 Bb4 4. e3 b6 5. Nge2 Nc6 6. a3 Bxc3+ 7. Nxc3 Ba6 8.
b4 Bb7 9. e4 d6 10. Be2 O-O 11. Bg5 e5 12. d5 Nd4 13. O-O h6 14. Bh4 Bc8 15. f3
a5 16. Bf2 Nxe2+ 17. Qxe2 Nh5 18. Be3 g5 19. c5 bxc5 20. bxc5 Nf4 21. Bxf4 gxf4
22. Nb5 Kh7 23. g4 fxg3 24. hxg3 Bh3 25. Rfc1 Qg5 26. Qh2 Rg8 27. Qxh3 Qe3+ 28.
Kh1 Qxf3+ 29. Qg2 Qh5+ 30. Kg1 Rxg3 31. Qxg3 Rg8 32. Rc3 Rxg3+ 33. Rxg3 Qh4 34.
Kf2 dxc5 35. Rag1 Qf4+ 36. Rf3 Qh4+ 37. Ke3 Qe7 38. Rgf1 Kg8 39. Rxf7 Qxf7 40.
Rxf7 Kxf7 41. Nxc7 c4 42. Nb5 Ke7 43. Kf3 Kf6 44. Kg4 a4 45. Nc3 1-0

[Event "Landsturneringen 2009, Klasse 3"]
[Site "Bergen"]
[Date "2009.07.05"]
[Round "2"]
[White "Bratbak, Anita"]
[Black "Stensholt, Sigvat"]
[Result "1/2-1/2"]
[WhiteElo "1226"]
[BlackElo "1331"]
[PlyCount "94"]
[EventDate "2009.07.??"]
[EventType "swiss"]
[EventRounds "9"]
[EventCountry "NOR"]
[SourceDate "2009.07.06"]

1. c4 e6 2. g3 Nf6 3. Bg2 d5 4. Nf3 Be7 5. O-O O-O 6. b3 c5 7. d4 dxc4 8. bxc4
cxd4 9. Nxd4 Qb6 10. Nc3 Rd8 11. Be3 Ng4 12. Nf5 exf5 13. Bxb6 Rxd1 14. Rfxd1
axb6 15. Nd5 Bd8 16. Rd2 Kf8 17. Rad1 Nc6 18. Nf4 Bg5 19. e3 Bxf4 20. exf4 Be6
21. Bd5 Nf6 22. Rb1 Rd8 23. Rxb6 Nxd5 24. cxd5 Rxd5 25. Rxd5 Bxd5 26. Rxb7 Bxa2
27. Rc7 Bd5 28. Rd7 Be4 29. Rd1 Ke7 30. Re1 Nd4 31. Ra1 Nf3+ 32. Kg2 Ng5+ 33.
Kf1 Ne6 34. Ra4 Kf6 35. Ke2 h6 36. f3 Bc6 37. Rb4 Ke7 38. g4 g6 39. h3 Bb5+ 40.
Kf2 Nc7 41. Kg3 Kd6 42. h4 Kc5 43. Rb1 Ne6 44. Re1 Bc6 45. Re5+ Kd6 46. gxf5
gxf5 47. Rxf5 Bxf3 1/2-1/2

[Event "Landsturneringen 2009, Klasse 3"]
[Site "Bergen"]
[Date "2009.07.06"]
[Round "3"]
[White "Kristensen, Trond"]
[Black "Lensebakken, Øyvind"]
[Result "0-1"]
[WhiteElo "1271"]
[BlackElo "1321"]
[PlyCount "71"]
[EventDate "2009.07.??"]
[EventType "swiss"]
[EventRounds "9"]
[EventCountry "NOR"]
[SourceDate "2009.07.06"]

1. e4 c5 2. Bc4 g6 3. Nf3 Bg7 4. Nc3 Nc6 5. O-O e6 6. Re1 Nge7 7. d3 O-O 8. a3
a6 9. Bg5 b5 10. Bd5 Bb7 11. Qd2 Re8 12. Ba2 Qa5 13. Bh6 Bh8 14. Ng5 Qc7 15.
Qe3 Nd4 16. Qh3 Be5 17. Ne2 Nxc2 18. Qf3 f6 19. d4 Nxe1 20. Rxe1 cxd4 21. Nxh7
Kxh7 22. Qh3 Kg8 23. f4 d3 24. Bxe6+ dxe6 25. Qxe6+ Kh7 26. fxe5 Qxe5 27. Qh3
Qh5 28. Qe6 Qxh6 29. Qf7+ Qg7 30. Qe6 dxe2 31. Rxe2 Nc6 32. Qb3 Qd7 33. Re3 Kg7
34. Rd3 Qe6 35. Qd1 Qxe4 36. Qf1 0-1

[Event "Landsturneringen 2009, Klasse 3"]
[Site "Bergen"]
[Date "2009.07.06"]
[Round "3"]
[White "Stensholt, Sigvat"]
[Black "Jacobsen, Trond"]
[Result "1-0"]
[WhiteElo "1331"]
[BlackElo "1352"]
[PlyCount "65"]
[EventDate "2009.07.??"]
[EventType "swiss"]
[EventRounds "9"]
[EventCountry "NOR"]
[SourceDate "2009.07.06"]

1. d4 d5 2. c4 e6 3. Nc3 Nf6 4. Bg5 Be7 5. e3 O-O 6. Nf3 b6 7. cxd5 Nxd5 8.
Bxe7 Qxe7 9. e4 Nxc3 10. bxc3 Bb7 11. Bd3 c5 12. O-O Nd7 13. Qe2 e5 14. d5 f5
15. Bc4 Qd6 16. exf5 Rxf5 17. Bd3 Rh5 18. c4 Rf8 19. Nd2 Qh6 20. h3 Nf6 21. Qe3
g5 22. f3 Re8 23. Bf5 Rh4 24. Be6+ Rxe6 25. dxe6 e4 26. fxe4 Nxe4 27. e7 Bc6
28. Nxe4 Rxe4 29. Qxe4 Qd6 30. e8=Q+ Bxe8 31. Qxe8+ Kg7 32. Qf7+ Kh6 33. Rf6+
1-0

[Event "Landsturneringen 2009, Klasse 3"]
[Site "Bergen"]
[Date "2009.07.07"]
[Round "4"]
[White "Blom, Geir"]
[Black "Stensholt, Sigvat"]
[Result "0-1"]
[WhiteElo "1336"]
[BlackElo "1331"]
[PlyCount "110"]
[EventDate "2009.07.??"]
[EventType "swiss"]
[EventRounds "9"]
[EventCountry "NOR"]
[SourceDate "2009.07.06"]

1. e4 Nf6 2. e5 Nd5 3. d4 d6 4. c4 Nb6 5. exd6 cxd6 6. Nc3 g6 7. Be3 Bg7 8. Rc1
O-O 9. b3 e5 10. dxe5 dxe5 11. Qxd8 Rxd8 12. c5 N6d7 13. Nf3 Nc6 14. Bc4 Na5
15. Be2 Nf8 16. Ne4 Ne6 17. O-O Nd4 18. Nxd4 exd4 19. Bf4 d3 20. Rfd1 Bf5 21.
Bxd3 Rxd3 22. Rxd3 Bxe4 23. Rd7 Nc6 24. Re1 f5 25. f3 Bd4+ 26. Kh1 Bc2 27. Bd6
Nb4 28. Ree7 Nxa2 29. Rxb7 Nc1 30. Bb8 Bxc5 31. Rxh7 Rxb8 32. Rbg7+ Kf8 33.
Rf7+ Ke8 34. Rc7 Bd4 35. Rxc2 Nxb3 36. g3 a5 37. Re2+ Kf8 38. Ree7 a4 39. Rhf7+
Kg8 40. Rb7 Rxb7 41. Rxb7 a3 42. Rxb3 a2 43. Ra3 a1=Q+ 44. Rxa1 Bxa1 45. Kg2
Kg7 46. f4 Bd4 47. h3 Be3 48. Kf3 Bc1 49. g4 Kf6 50. h4 Ke6 51. h5 gxh5 52.
gxh5 Kf6 53. Kg3 Kg7 54. Kh4 Kh6 55. Kg3 Kxh5 0-1